Seasonal variation in microflora of rubber growing soils of Meghalaya (Record no. 68497)
[ view plain ]
| 000 -LEADER | |
|---|---|
| fixed length control field | 01297nam a2200217Ia 4500 |
| 100 ## - MAIN ENTRY--AUTHOR NAME | |
| Personal name | Deka H K |
| 245 #0 - TITLE STATEMENT | |
| Title | Seasonal variation in microflora of rubber growing soils of Meghalaya |
| 260 ## - PUBLICATION, DISTRIBUTION, ETC. (IMPRINT) | |
| Name of publisher | Indian Journal of Natural Rubber Research |
| Year of publication | 1992 |
| 300 ## - PHYSICAL DESCRIPTION | |
| Number of Pages | 151-154 |
| 520 ## - SUMMARY, ETC. | |
| Summary, etc | A study on the seasonal variation of microflora in five rubber growing soils has been carried out. The population of fungi bacteria and actinomycetes varied greatly in different soil samples. The total population of bacteria and antinomyceters was found to be more than that of fungi. Statistically, a significant positive correlation was found betwen the number of microorganisms and soil moisture status as well as pH. Qualitatively, not much variation was observed in the composition of fungal species, and only a few fungi were recorded with a high percentage of relative abundance. Apparently, the different soils and seasons did not seem to be exert any influence on the fungal species composition. |
| 650 ## - SUBJECT ADDED ENTRY--TOPICAL TERM | |
| Topical Term | Hevea brasiliensis |
| 650 ## - SUBJECT ADDED ENTRY--TOPICAL TERM | |
| Topical Term | Non-traditional area |
| 650 ## - SUBJECT ADDED ENTRY--TOPICAL TERM | |
| Topical Term | Seasonal variation |
| 650 ## - SUBJECT ADDED ENTRY--TOPICAL TERM | |
| Topical Term | Soil microflora |
| 700 ## - ADDED ENTRY--PERSONAL NAME | |
| Personal name | Potty S N |
| 700 ## - ADDED ENTRY--PERSONAL NAME | |
| Personal name | Sethuraj M R |
| 700 ## - ADDED ENTRY--PERSONAL NAME | |
| Personal name | Sinha R R |
| 700 ## - ADDED ENTRY--PERSONAL NAME | |
| Personal name | Thapliyal A P |
| 942 ## - ADDED ENTRY ELEMENTS (KOHA) | |
| Koha item type | Journals |
| Withdrawn status | Lost status | Damaged status | Not for loan | Home library | Current library | Date acquired | Serial Enumeration / chronology | Koha item type |
|---|---|---|---|---|---|---|---|---|
| Journals | RRII Library | RRII Library | 17/12/2021 | Volume 5, Issue 1&2 | Journals |